| 000 | 00724nam a2200241Ia 4500 | ||
|---|---|---|---|
| 003 | OSt | ||
| 005 | 20221005073831.0 | ||
| 006 | a|||||r|||| 00| 0 | ||
| 007 | ta | ||
| 008 | 221004b |||||||| |||| 00| 0 eng d | ||
| 020 | _cINR 20.00 | ||
| 024 | _a44235 | ||
| 037 |
_b1647, 16/02/2019, Bright Book Service _cTextual |
||
| 040 |
_aCRL _cCRL _beng |
||
| 041 |
_2eng _aeng |
||
| 082 | _aV247, Q6 | ||
| 245 | 0 |
_aJammu Kashmir accedes to Bharat _b 26th october 1947 |
|
| 260 |
_aNew Delhi _bJammu Kashmir Study Centre India _c2016 |
||
| 300 |
_a50p. _ccm. |
||
| 650 |
_aJAMMU AND KASHMIR - HISTORY _914767 |
||
| 942 |
_hV247, Q6 _cTEXL _2cc |
||
| 999 |
_c981766 _d981766 |
||